000 00530nam a22001457a 4500
020 _a9501404986
080 _a347.961 G 228
100 _aGattari, Carlos Nicolas
245 _aPractica Notarial
260 _aBuenos Aires:
_bDepalma,
_c1989
300 _a207 P.
650 _xderecho notarial
_xpractica notarial
_xescrituras
_xfolio de seguridad
_xactos de subsanacion
_xrenta vitalicia
_xactos postescriturarios
_xdistracto
_xcertificados registrales
_ximparcialidad del notario
_xinscripcion
942 _6_
945 _acd
_d2023-03-14
999 _c5257
_d235761